000 00931cab a2200301 4500
001 ABS57929
008 090401t1997 xxu||||| |||| 00| 0 eng d
035 _a(Sirsi) u82014
041 _aeng
100 _aBennett, J.
245 _aPFI (2): the pre-existing legal framework for local authorities
260 _c1997
350 _a0
490 _aSolicitors` Journal
_v141(42) 7 November 1997, 1056-1057(2)
520 _aSecond article on PFI and local government. Examines the relationship of PFI and Landlord and Tenant law.
650 _aLABOUR GOVERNMENT
650 _aLANDLORD AND TENANT ACT 1954
650 _aLANDLORD AND TENANT
_96252
650 _aLOCAL AUTHORITIES
650 _aPFI
650 _aPRIVATE FINANCE INITIATIVE
650 _aSTREET V MOUNTFORD
690 _aPROPERTY-PROPERTY FINANCE AND INVESTMENT
700 _aHann, R.
700 _aCirell, S.
942 _n0
948 _c11/11/1997
999 _c51718
_d51718